01050nam a2200253Ia 4500003000900000008004100009020001800050040001600068080002200084110004600106111007900152245020500231260005800436300001600494490003400510650001900544650001900563700003300582700003000615700002800645942000700673999001700680952009900697IN-BaIIA211028s9999 xx 000 0 eng d a1-58381-053-6 cIIA Library a082.2:52bASP-221 aAstronomical Society of the Pacific91154 a2000 CTIO/ESO/LCO Joint WorkshopcLa Serena, Chiled2000 Mar. 15-18924893 0aStars, gas and dust in galaxiesbexploring the links; proceedings of the 2000 CTIO/ESO/LCO Joint Workshop held in La Serena, Chile, March 15-18, 2000cedited by D. Alloin, Knut Olsen, and Gaspar Galaz aCaliforniabAstronomical Society of the Pacificc2000 axvii, 308p. aASP conference series; v. 221 agalaxies91286 astar formation aAlloin, Danielle, ed.924894 aGalaz, Gaspar, ed.924895 aOlsen, Knut, ed.924896 cBK c14139d14139 00104070aBANbBANcGENd2001-06-21l0o082.2:52/ ASP-221p15059r2021-11-05w2001-06-21yBK